Ion Exchange in Single Crystals for Integrated Optics & Optoelectronics /

Bibliographic Details
Main Author: Korkishko, Yu N.
Corporate Author: NetLibrary, Inc
Other Authors: Fedorov, V. A.
Format: eBook
Language:English
Published: Cambridge : Cambridge International Science Pub., [1997]
Subjects:
Online Access:Connect to the full text of this electronic book

MARC

Tag First Indicator Second Indicator Subfields
LEADER 00000cam a2200000La 4500
001 in00001759607
005 20220105121544.0
006 m u
007 cr cn-
008 001114s1997 enk sb 000 0 eng d
020 |a 0585311633 (electronic bk.) :  |c $135.00 
020 |z 189832641X 
035 |a (OCoLC)ocm45730814 
040 |a N$T  |c N$T  |d OCL  |d UtOrBLW 
049 |a IKMN 
050 1 4 |a TA1660  |b .S23 1997eb 
100 1 |a Korkishko, Yu N. 
245 1 0 |a Ion Exchange in Single Crystals for Integrated Optics & Optoelectronics /  |c Yu N. Korkishko and V.A. Fedorov. 
264 1 |a Cambridge :  |b Cambridge International Science Pub.,  |c [1997] 
264 4 |c ©1997 
300 |a xiv, 516 pages ;  |c 23 cm. 
336 |a text  |b txt  |2 rdacontent 
337 |a computer  |b c  |2 rdamedia 
338 |a online resource  |b cr  |2 rdacarrier 
504 |a Includes bibliographical references. 
533 |a Electronic reproduction.  |b Boulder, Colo. :  |c NetLibrary,  |d 2000.  |n Available via World Wide Web.  |n Access may be limited to NetLibrary affiliated libraries. 
500 |a Electronic resource. 
650 0 |a Integrated optics.  |0 http://id.loc.gov/authorities/subjects/sh85067129 
650 0 |a Ferroelectric thin films.  |0 http://id.loc.gov/authorities/subjects/sh90004716 
650 0 |a Optoelectronics.  |0 http://id.loc.gov/authorities/subjects/sh85095201 
655 7 |a Electronic books.  |2 local 
700 1 |a Fedorov, V. A.  |0 http://id.loc.gov/authorities/names/n91120434 
710 2 |a NetLibrary, Inc.  |0 http://id.loc.gov/authorities/names/no99080690 
856 4 1 |u https://proxy.library.tamu.edu/login?url=http://www.netLibrary.com/urlapi.asp?action=summary&v=1&bookid=18031  |z Connect to the full text of this electronic book  |t 0 
994 |a 92  |b IKM 
999 |a MARS 
999 f f |s 275a628a-2dd4-3495-9c39-812284972aee  |i 5a0491c6-38e8-3bdd-bac6-1ba2c629f6fa  |t 0 
952 f f |a Texas A&M University  |b College Station  |c Electronic Resources  |d Available Online  |t 0  |e TA1660 .S23 1997eb  |h Library of Congress classification 
998 f f |a TA1660 .S23 1997eb  |t 0  |l Available Online